000 02887nam0a2200385 4500
001 RU\NLR\BIBL_A\012899027
005 20221206160853.0
010 _a978-5-907043-08-4
_91000
021 _aRU
_bКН-П-22-051272
_9КН-П-22-4453
035 _a(NLR Aleph) 012899027
035 _a(RuMoRGB)011166603
090 _a12574855
_c12574855
100 _a20220929d2022 k y0rusy50 ca
101 0 _arus
102 _aRU
105 _aa|||z||||||z|
181 1 _ai3
_baxxe
182 1 _an
200 1 _aИконография Иисуса Христа в восточнохристианской традиции
_fСания Гукова
203 _aТекст
_bвизуальный
_cнепосредственный
210 _aМосква
_cБУКСМАРТ
_d2022
215 _a478, [1] с.
_cил., цв. ил.
_d24
300 _aЗагл. корешка: Иконография Иисуса Христа
320 _aБиблиогр.: с. 455-479 и в конце гл.
330 _aПредлагаемая вниманию читателя книга представляет своеобразный свод иконографических вариантов изображения Иисуса Христа, сопровождаемый научно-историческим комментарием их генезиса и развития. Священное Писание, богослужебные и богословские тексты представляют ту литературную основу, на которой формировался визуальный язык православного искусства. Средневековые хроники и рассказы паломников с описанием древних святынь помогают лучше понять духовную среду и эстетическое восприятие людей того далекого времени. Работа построена на исследовании многочисленных памятников с изображением Христа, охватывающих самые разные жанры изобразительного искусства на протяжении огромного хронологического периода - от первых веков христианства до Нового времени
516 1 _aИконография Иисуса Христа
600 0 _aИисус Христос
_xИконы
_92577855
_3RU\NLR\AUTH\661524086
686 2 _aЭ372-575.111.2
700 1 _aГукова
_bС. Н.
_gСания Нуховна
702 0 _4570
_7ca
_8rus
_aИисус Христос
_9119452
_3RU\NLR\AUTH\779638
942 _cBOOK
980 _aNB